U.S. States With the Largest Springfields - Statistics

General Stats
  • This quiz has been taken 133 times
  • The average score is 7 of 10
Answer Stats
Population Date Founded U.S. State % Correct
114,230 1821 Illinois
97%
153,606 1636 Massachusetts
84%
167,882 1834 Missouri
81%
58,877 1801 Ohio
71%
2,961 1793 Kentucky
62%
63,230 1848 Oregon
60%
4,084 1799 Georgia
58%
8,577 1935 Florida
57%
17,277 1798 Tennessee
54%
5,198 1836 Michigan
50%
No matching quizzes found
Score Distribution
Percent of People with Each Score
Percentile by Number Answered
Your Score History
You have not taken this quiz